000 00579nam a22001697a 4500
003 SGT
020 _a9788120404168
082 _a631,CHA
100 _aCHANDRA,GOPAL DE
245 _aFUNDAMENTALS OF AGRONOMY
250 _a1ST
260 _aNEW DELHI
_bOXFORD & IBH
_c2016
300 _a429
650 _aAGRONOMY
653 _aAGRONOMY PRINCIPLES, SEEDS, SOWING AND PLANTING, SOIL & SOIL MANAGEMENT, TILLAGE, TYPES OF TILLAGE OPERATIONS, NUTRIENT MANAGEMENT, WATER MANAGEMENT, DRY FARMING WEED AND WEED MANAGEMENT, METHODS OF CROPPING, CROPPING PATTERN
942 _2ddc
_cBK
_015
999 _c9961
_d9961